000 00459nam a22001817a 4500
003 OSt
005 20250508102328.0
008 250508b |||||||| |||| 00| 0 eng d
020 _a9781780522982
040 _crda
100 _aParkin,John.,
_eEditor
_9755471
245 _aCycling And Sustainablity
_cBy John Parkin
260 _aUnited Kingdom
_bEmerald
_c2012
300 _aviii,335P
490 _v1
650 _2Sustainability
942 _2CC
_cGB
_n0
999 _c1320388
_d1320388